000 04204nab a2200349 i 4500
003 BR-BrBNA
005 20230915085752.0
008 230515b2019 bl.ar|poo|||| 00| 0 eng |
040 _aBR-BrBNA
_beng
072 _aH60
_b1660
100 _aNishimuta, H.A.
100 _aRossi, A.A.B.
100 _aYamashita, O.M.
100 _aPena, G.F.
100 _aSantos, P.H.A.D.
100 _aGiustina, L.D.
100 _aRossi, F.S.
245 _aLeaf and root allelopathic potential of the Vernonanthura brasiliana
500 _aPublicação on-line; 29 ref.; 4 tables; 2 illus.; Summaries (En, Pt)
520 _a ABSTRACT - The Brazilian native weed assa-peixe (Vernonanthura brasiliana) is considered one of the main invasive plant species of pasture areas in the Amazon. It is thus necessary to know their biology and their behavior in the environment, and to enhance the development of management strategies, minimizing the use of herbicides. The objective of this study was to test the allelopathic effect on the germination and growth of the bioindicator species Lactuca sativa from leaf and root extracts obtained from fresh and dry V. brasiliana. The experiment consisted of six treatments with concentrations of 0, 12.5, 25, 50, 100, and 200 mg mL-1, using four replicates per treatment. The evaluated parameters were: germination percentage, first count, germination speed index, and shoot and root length. The aqueous extract of fresh V. brasiliana roots caused an allelopathic effect on all evaluated parameters, while the dry root extract only affected the germination speed index. Root growth inhibition and growth stimulation of lettuce seedlings were verified when submitted to dry and fresh root extracts. Extracts of V. brasiliana caused an allelopathic effect on the species Lactuca sativa L., where the aqueous extracts of dry leaves and fresh roots were the most influential. Keywords: assa-peixe, Lactuca sativa L., allelopathy, germination.
520 _a RESUMO - A espécie de planta daninha assa-peixe (Vernonanthura brasiliana) tem se destacado como uma das principais espécies vegetais invasoras de áreas de pastagens na Amazônia, tornando-se importante a necessidade da produção de informações acerca da sua biologia, visando o conhecimento de seu comportamento no ambiente e potencializando o desenvolvimento de estratégias de manejo, minimizando o uso de herbicidas. O presente estudo teve como objetivo testar o efeito alelopático na germinação e crescimento da espécie bioindicadora Lactuca sativa a partir de extratos de folhas e raiz obtidos de V. brasiliana em estado fresco e seco. O experimento consistiu de seis tratamentos, com concentrações de 0; 12,5; 25; 50; 100; e 200 mg mL-1, utilizando quatro repetições por tratamento. Os parâmetros avaliados foram: porcentagem de germinação, primeira contagem, índice de velocidade de germinação e comprimento da parte aérea e radicular das plântulas. O extrato aquoso das raízes frescas de V. brasiliana provocou efeito alelopático em todos os parâmetros avaliados, enquanto o extrato de raízes secas só afetou o índice de velocidade de germinação. Verificou-se inibição no crescimento da parte radicular e estímulo no crescimento da parte aérea das plântulas de alface quando submetidas aos extratos das raízes secas e frescas. Extratos de V. brasiliana ocasionaram efeito alelopático sobre a espécie Lactuca sativa L., sendo os extratos aquosos das folhas secas e das raízes frescas os que apresentaram maior influência. Palavras-chave: assa-peixe, Lactuca sativa L., alelopatia, germinação.
650 _aASSA PEIXE
650 _aERVA DANINHA
650 _aLACTUCA SATIVA
650 _aALFACE
650 _aALELOPATIA
650 _aGERMINAÇÃO
773 0 _0886
_91816
_dLondrina-PR : Sociedade Brasileira da Ciência das Plantas Daninhas, 1978
_o2023-031023
_tPlanta Daninha (Brazil)
_x0100-8358; 1806-9681 (on-line)
_gv. 37 p. 1-8; (2019)
_wBR2023000362
856 _uhttps://www.scielo.br/j/pd/a/Tyyxj7k9bFvt8Fbcjths8tg/?format=pdf&lang=en
942 _cAnalítica
999 _c9107
_d9107